A selection of eight drawings and views of Kensington (Record no. 107529)

MARC details
000 -LEADER
fixed length control field 00922cam a22001935a 4500
001 - CONTROL NUMBER
control field L140647
008 - FIXED-LENGTH DATA ELEMENTS--GENERAL INFORMATION
fixed length control field 071003s1934 xxka e 000 0 eng d
035 ## - SYSTEM CONTROL NUMBER
System control number (Sirsi) u140647
041 0# - LANGUAGE CODE
Language code of text/sound track or separate title eng
110 2# - MAIN ENTRY--CORPORATE NAME
Corporate name or jurisdiction name as entry element London Topographical Society
9 (RLIN) 106
245 02 - TITLE STATEMENT
Title A selection of eight drawings and views of Kensington
Remainder of title by deceased artists from the originals in the collection of the Kensington Public Library
260 ## - PUBLICATION, DISTRIBUTION, ETC.
Place of publication, distribution, etc. London
Name of publisher, distributor, etc. London Topographical Society
Date of publication, distribution, etc. 1934
300 ## - PHYSICAL DESCRIPTION
Extent 8 sheets
Other physical details ill., in folder
Dimensions 36 cm.
505 2# - FORMATTED CONTENTS NOTE
Formatted contents note Sheffield House, Kensington -- The Hoop and Toy, Brompton -- The White Horse Inn, Kensington Road -- Campden House, Kensington -- Water-House, Kensington Palace -- Toll-Gate, Notting Hill Gate -- Grove House, Brompton --The Royal Palace of Kensington
520 ## - SUMMARY, ETC.
Summary, etc. Black and white reproductions of drawings housed in a folder.
651 #4 - SUBJECT ADDED ENTRY--GEOGRAPHIC NAME
Geographic name London
690 ## - LOCAL SUBJECT ADDED ENTRY--TOPICAL TERM (OCLC, RLIN)
Topical term or geographic name as entry element BUILT ENVIRONMENT
942 ## - ADDED ENTRY ELEMENTS (KOHA)
Suppress in OPAC 0
Holdings
Withdrawn status Lost status Source of classification or shelving scheme Damaged status Not for loan Home library Current library Shelving location Date acquired Total Checkouts Full call number Barcode Date last seen Copy number Price effective from Koha item type
    Dewey Decimal Classification     Historic collection Historic collection Historic collection 03/10/2007   MAP CABINET DRAWER 4 140647-2001 06/08/2019 1 06/08/2019 Archive